书目信息 |
| 题名: |
采访对象主体论
|
|
| 作者: | 靖鸣 著 | |
| 分册: | ||
| 出版信息: | 北京 人民出版社 2005 |
|
| 页数: | 630页 | |
| 开本: | 21cm | |
| 丛书名: | ||
| 单 册: | ||
| 中图分类: | G212.1 | |
| 科图分类: | ||
| 主题词: | 新闻采访--对象--理论研究 | |
| 电子资源: | ||
| ISBN: | 7-01-005229-8 | |
| 000 | 00735nam0 2200217 450 | |
| 005 | 20070109144447.15 | |
| 010 | @a7-01-005229-8@dCNY32.00 | |
| 100 | @a20060829d2005 ekmy0chiy0120 ea | |
| 101 | 0 | @achi |
| 102 | @aCN@b110000 | |
| 105 | @aa z 000yy | |
| 200 | 1 | @a采访对象主体论@ACai Fang Dui Xiang Zhu Ti Lun@f靖鸣著@FJing Ming Zhu |
| 210 | @a北京@c人民出版社@d2005 | |
| 215 | @a630页@c图@d21cm | |
| 320 | @a有书目 (第625-630页) | |
| 330 | @a本书是国内外第一本专门从哲学主体视角将采访对象主体放在大众传播系统中进行全面考察研究的专著,具有较强的理论深度和学术价值。 | |
| 606 | 0 | @a新闻采访@x对象@x理论研究 |
| 690 | @aG212.1@v4 | |
| 701 | 0 | @a靖鸣@AJing Ming@4著 |
| 801 | 0 | @aCN@b中图数据@c20070109 |
| 905 | @a10447@dG212.1@e204 | |
| 采访对象主体论/靖鸣著.-北京:人民出版社,2005 |
| 630页:图;21cm |
| ISBN 7-01-005229-8:CNY32.00 |
| 本书是国内外第一本专门从哲学主体视角将采访对象主体放在大众传播系统中进行全面考察研究的专著,具有较强的理论深度和学术价值。 |
| ● |
| 相关链接 |
|
|
|
|
正题名:采访对象主体论
索取号:G212.1/204
 
预约/预借
| 序号 | 登录号 | 条形码 | 馆藏地/架位号 | 状态 | 备注 |
| 1 | 0607462 | 206074629 | 第一样本阅览室/ [索取号:G212.1/204] | 在馆 | |
| 2 | 0607463 | 206074638 | 第四借阅区/ [索取号:G212.1/204] | 在馆 | |
| 3 | 0607464 | 206074647 | 第四借阅区/ [索取号:G212.1/204] | 在馆 | |
| 4 | 0607465 | 206074656 | 第四借阅区/ [索取号:G212.1/204] | 在馆 | |
| 5 | 0607466 | 206074665 | 第四借阅区/ [索取号:G212.1/204] | 在馆 |